Introduction to Intellectual Property law / (Record no. 474)
[ view plain ]
| 000 -LEADER | |
|---|---|
| fixed length control field | 00637nam a22001817a 4500 |
| 008 - FIXED-LENGTH DATA ELEMENTS--GENERAL INFORMATION | |
| fixed length control field | 110421t xxu||||| |||| 00| 0 eng d |
| 020 ## - INTERNATIONAL STANDARD BOOK NUMBER | |
| International Standard Book Number | 0406045151 |
| 082 ## - DEWEY DECIMAL CLASSIFICATION NUMBER | |
| Edition number | 22 |
| Classification number | 346.048 PHI |
| 100 ## - MAIN ENTRY--PERSONAL NAME | |
| Personal name | Phillips, Jeremy |
| 9 (RLIN) | 1418 |
| 245 ## - TITLE STATEMENT | |
| Title | Introduction to Intellectual Property law / |
| Statement of responsibility, etc | Jeremy Phillips, Alison Firth . _ |
| 250 ## - EDITION STATEMENT | |
| Edition statement | 3rd. _ |
| 260 ## - PUBLICATION, DISTRIBUTION, ETC. (IMPRINT) | |
| Place of publication, distribution, etc | UK : |
| Name of publisher, distributor, etc | Butterworth, |
| Date of publication, distribution, etc | c1995. |
| 300 ## - PHYSICAL DESCRIPTION | |
| Extent | xxxviii, 400p. : |
| Dimensions | 23cm |
| 500 ## - GENERAL NOTE | |
| General note | IIncludes index |
| 700 ## - ADDED ENTRY--PERSONAL NAME | |
| Personal name | Firth, Alison |
| 9 (RLIN) | 1419 |
| 942 ## - ADDED ENTRY ELEMENTS (KOHA) | |
| Source of classification or shelving scheme | Dewey Decimal Classification |
| Item type | Books |
| Withdrawn status | Lost status | Source of classification or shelving scheme | Damaged status | Not for loan | Home library | Current library | Shelving location | Date acquired | Total Checkouts | Full call number | Barcode | Date last seen | Price effective from | Koha item type |
|---|---|---|---|---|---|---|---|---|---|---|---|---|---|---|
| Dewey Decimal Classification | Law Development Centre Main Library | Law Development Centre Main Library | Text Books and Laws | 04/21/2011 | 346.048 PHI | 2011/2758 | 04/21/2011 | 04/21/2011 | Books |
